000 00552nam a2200205Ia 4500
008 180620s9999 xx 000 0 und d
020 _a0-87040-654-X
050 _aREF TT 820
050 _b.S74 1985
245 0 _aStep-by-step basic knit sweaters /
260 _aJapan :
260 _bOndorisha Publishers,
260 _c1985
300 _a64 pages :
300 _bcolored illustrations ;
300 _c26 cm.
650 _aKnitting -- Patterns.
650 _aKnitting and crocheting.
650 _xKnitting -- Handbooks, manuals and etc.
999 _c358044
_d358044